00468nam a2200145 a 4500008004100000020001500041050001900056100002300075245009100098260003200189300002000221350000900241650005000250700002200300120416s1986 ||||||||||||||||| || u a0070568928 aREF TJ 230 Sta aMischke, Charles R10aStandard handbook of machine designcEditors, Joseph E. Shigley and Charles R. Mischke aNew YorkbMcGraw-Hillc1986 avarious pagings a0.00 aMachinery -- Design -- Handbooks,manuals, etc aShigley, Joseph E